|
|
|
|
| LEADER |
01812cas a2200241 a 4500 |
| 001 |
AALejournalIMF008244 |
| 008 |
230101c9999 xx r poo 0 0eng d |
| 020 |
|
|
|c 5.00 USD
|
| 020 |
|
|
|z 9781451841435
|
| 022 |
|
|
|a 1934-7685
|
| 040 |
|
|
|a BD-DhAAL
|c BD-DhAAL
|
| 110 |
2 |
|
|a International Monetary Fund.
|
| 245 |
1 |
0 |
|a Zimbabwe :
|b 2001 Article IV Consultation-Staff Report; Staff Statement; Public Information Notice on the Executive Board Discussion; Statement by the Executive Director for Zimbabwe and Statement by the Authorities of Zimbabwe.
|
| 264 |
|
1 |
|a Washington, D.C. :
|b International Monetary Fund,
|c 2002.
|
| 300 |
|
|
|a 1 online resource (80 pages)
|
| 490 |
1 |
|
|a IMF Staff Country Reports
|
| 500 |
|
|
|a <strong>Off-Campus Access:</strong> No User ID or Password Required
|
| 500 |
|
|
|a <strong>On-Campus Access:</strong> No User ID or Password Required
|
| 506 |
|
|
|a Electronic access restricted to authorized BRAC University faculty, staff and students
|
| 520 |
3 |
|
|a This 2001 Article IV Consultation highlights that Zimbabwe's economic crisis has continued to deepen. The deterioration has mainly been the result of inappropriate macroeconomic policies and a general breakdown in the rule of law in the context of the government's fast-track land reform program launched in early 2000. This deterioration has undermined investor confidence, contributed to the rise in unemployment, destroyed capital, and eroded institutions important for economic development, thereby darkening the longer-term outlook. Real GDP is projected to contract by 8 1\2 percent in 2001.
|
| 538 |
|
|
|a Mode of access: Internet
|
| 830 |
|
0 |
|a IMF Staff Country Reports; Country Report ;
|v No. 2002/125
|
| 856 |
4 |
0 |
|z Full text available on IMF
|u http://elibrary.imf.org/view/journals/002/2002/125/002.2002.issue-125-en.xml
|z IMF e-Library
|